Normal view
MARC view
- MANAGERIAL ACCOUNTING; ACTIVITY BASED ACCOUNTING; COST ACCOUNTIN
Entry Topical Term
001 - CONTROL NUMBER
- control field: 60804
003 - CONTROL NUMBER IDENTIFIER
- control field: NUST
005 - DATE AND TIME OF LATEST TRANSACTION
- control field: 20210628202630.0
008 - FIXED-LENGTH DATA ELEMENTS
- fixed length control field: 210628|| aca||aabn | a|a d
040 ## - CATALOGING SOURCE
- Original cataloging agency: NUST
- Transcribing agency: NUST
150 ## - HEADING--TOPICAL TERM
- Topical term or geographic name entry element: MANAGERIAL ACCOUNTING; ACTIVITY BASED ACCOUNTING; COST ACCOUNTIN
670 ## - SOURCE DATA FOUND
- Source citation: Work cat.: (NUST): Mowen, Maryanne.M,Hansen, Don.R 60803, Cost management accounting and control, 2000
